Trasa Warszawskiej linii autobusowej 119 - Statystyki

Ogólne statystyki
  • Ten quiz został rozwiązany 21 razy
  • Średni wynik to 28 z 47
Statystyki odpowiedzi
Dzielnica Przystanek % Poprawnych
Mokotów Rakowiecka
100%
Mokotów Rakowiecka-Sanktuarium
100%
Mokotów Rakowiecka-Sanktuarium
100%
Mokotów Wiśniowa
100%
Mokotów Bobrowiecka
85%
Mokotów Dolna
85%
Mokotów Kierbedzia
85%
Mokotów Zakrzewska
85%
Mokotów Aleja Witosa
77%
Mokotów Beethovena
77%
Mokotów Dworkowa
77%
Mokotów Konduktorska
77%
Mokotów Kulskiego
77%
Mokotów Metro Pole Mokotowskie
77%
Mokotów Morskie Oko
77%
Wawer Wiśniowa Góra
77%
Wawer PKP Anin
69%
Mokotów Łowicka
62%
Mokotów Małe Siekierki
62%
Mokotów Ogrody Działkowe Czerniaków
62%
Wawer PKP Międzylesie
62%
Wawer PKP Międzylesie
62%
Mokotów Siekierki-Sanktuarium
62%
Mokotów Stefana Batorego
62%
Mokotów Świętego Andrzeja Boboli
62%
Wawer Centrum Zdrowia Dziecka
54%
Wawer Kombajnistów
54%
Mokotów Madalińskiego
54%
Mokotów Madalińskiego-Szpital
54%
Wawer Most Siekierkowski
54%
Wawer Pielęgniarek
54%
Wawer Wawer-Ratusz
54%
Wawer Wodniaków
54%
Wawer Kadetów
46%
Wawer Kanał Nowe Ujście
46%
Wawer Narodowa
46%
Wawer Bielszowicka
38%
Wawer Bursztynowa-Szpital
38%
Wawer Pożaryskiego
38%
Wawer Trakt Lubelski-Las
38%
Wawer Bronowska
31%
Wawer Lucerny
31%
Wawer Piechurów
31%
Wawer Pomiechowska
31%
Wawer Trzykrotki
31%
Wawer Wojsławicka
31%
Wawer Lebiodowa
23%
Nie znaleziono quizów pasujących do podanych kryteriów
Rozkład punktacji
Procent ludzi z każdym wynikiem
Percentyl według liczby udzielonych odpowiedzi
Twoja historia wyników
Nie rozwiązałeś tego quizu